ENCOUNTERS: REAL AND SURREAL (Record no. 28721)

MARC details
000 -LEADER
fixed length control field 00292nam a22001337a 4500
003 - CONTROL NUMBER IDENTIFIER
control field SGT
020 ## - INTERNATIONAL STANDARD BOOK NUMBER
International Standard Book Number 9788172765040
082 ## - DEWEY DECIMAL CLASSIFICATION NUMBER
Classification number 301
Item number E14N
100 ## - MAIN ENTRY--PERSONAL NAME
Personal name NARAYANAN, V.N.
245 ## - TITLE STATEMENT
Title ENCOUNTERS: REAL AND SURREAL
260 ## - PUBLICATION, DISTRIBUTION, ETC. (IMPRINT)
Name of publisher, distributor, etc BHARTIYA VIDYA BHAWAN
Year of Publication 2014
300 ## - PAGE DESCRIPTION
No. of Pages 401
942 ## - ADDED ENTRY ELEMENTS (KOHA)
Source of classification or shelving scheme Dewey Decimal Classification
Koha item type Books
Holdings
Withdrawn status Lost status Source of classification or shelving scheme Damaged status Not for loan Home library Current library Shelving location Date acquired Cost, normal purchase price SGTU Total Checkouts Full call number Accession No. (Barcode) Date last seen Bill Date Koha item type
    Dewey Decimal Classification   Not For Loan SGT Chancellor's Library SGT Chancellor's Library Record Book 08/01/2025 400.00 SGTU   301 E14N CH1561 08/01/2025 08/01/2025 Books